书目信息 |
| 题名: |
工业企业取水定额国家标准实施指南
|
|
| 作者: | ;国家发展和改革委员会环境和资源综合利用司 组织编写 | |
| 分册: | (一) | |
| 出版信息: | 北京 中国标准出版社 2003.08 |
|
| 页数: | 171页 | |
| 开本: | 21cm | |
| 丛书名: | ||
| 单 册: | ||
| 中图分类: | TU991.4-62 | |
| 科图分类: | ||
| 主题词: | 工业企业--gong ye qi ye--取水--定额--国家标准--中国--指南 | |
| 电子资源: | ||
| ISBN: | 7-5066-3246-2 | |
| 000 | 01199nam0 2200241 450 | |
| 001 | 012008988312 | |
| 005 | 20080424101802.40 | |
| 010 | @a7-5066-3246-2@dCNY30.00 | |
| 100 | @a20080424d2003 km y0chiy0120 ea | |
| 101 | 0 | @achi |
| 102 | @aCN@b110000 | |
| 105 | @ay l 000yy | |
| 106 | @ar | |
| 200 | 1 | @a工业企业取水定额国家标准实施指南@Agong ye qi ye qu shui ding e guo jia biao zhun shi shi zhi nan@h(一)@f国家发展和改革委员会环境和资源综合利用司组织编写@Fguo jia fa zhan he gai ge wei yuan hui huan jing he zi yuan zong he li yong si zu zhi bian xie |
| 210 | @a北京@c中国标准出版社@d2003.08 | |
| 215 | @a171页@d21cm | |
| 330 | @a本书由六章组成:第一章为GB/T18820-2002《工业企业产品取水定额编制通则》实施指南,其他五章分别为GB/T18916.1-18916.5-2002的实施指南。附录中有工业节水“十五”规划以及标准原文等。 | |
| 333 | @a节约用水管理技术人员、管理人员以及标准化人员等 | |
| 606 | 0 | @a工业企业@Agong ye qi ye@x取水@x定额@x国家标准@y中国@j指南 |
| 690 | @aTU991.4-62@v4 | |
| 711 | 02 | @a国家发展和改革委员会环境和资源综合利用司@Aguo jia fa zhan he gai ge wei yuan hui huan jing he zi yuan zong he li yong si@4组织编写 |
| 801 | 0 | @aCN@bQSSK@c20080424 |
| 905 | @b20701428-30@dTU991.4-62@eG889:1@f3 | |
| 工业企业取水定额国家标准实施指南.(一)/国家发展和改革委员会环境和资源综合利用司组织编写.-北京:中国标准出版社,2003.08 |
| 171页;21cm |
| 使用对象:节约用水管理技术人员、管理人员以及标准化人员等 |
| ISBN 7-5066-3246-2:CNY30.00 |
| 本书由六章组成:第一章为GB/T18820-2002《工业企业产品取水定额编制通则》实施指南,其他五章分别为GB/T18916.1-18916.5-2002的实施指南。附录中有工业节水“十五”规划以及标准原文等。 |
| ● |
| 相关链接 |
|
|
|
正题名:工业企业取水定额国家标准实施指南
索取号:TU991.4-62/G889:1
 
预约/预借
| 序号 | 登录号 | 条形码 | 馆藏地/架位号 | 状态 | 备注 |
| 1 | 701428 | 207014283 | 建筑库201/201建筑库 134排2列2层/ [索取号:TU991.4-62/G889:1] | 在馆 | |
| 2 | 701429 | 207014292 | 建筑库201/201建筑库 134排2列2层/ [索取号:TU991.4-62/G889:1] | 在馆 | |
| 3 | 701430 | 207014309 | 市政与环境工程学院资料室/101建筑库 97排3列4层/ [索取号:TU991.4-62/G889:1] | 在馆 |